[Event "5. Aberto Internacional Carlos I"]
[Site "Sanxenxo ESP"]
[Date "2013.06.22"]
[Round "1.1"]
[White "Aagaard, Jacob"]
[Black "Saifi, Mourad"]
[Result "1-0"]
[WhiteElo "2519"]
[BlackElo "1805"]
[PlyCount "37"]
[EventDate "2013.06.22"]
[EventType "swiss"]
[EventRounds "9"]
[EventCountry "ESP"]
[Source "lmi"]
[SourceDate "2013.06.22"]

1. e4 e5 2. Nf3 Nc6 3. Bb5 a6 4. Ba4 Nf6 5. d3 d6 6. O-O Be7 7. c3 O-O 8. Nbd2
b5 9. Bc2 Re8 10. Re1 Bf8 11. Nf1 g6 12. Bg5 Bg7 13. Ne3 Ne7 14. d4 exd4 15.
Nxd4 Bb7 16. Qf3 Nc6 17. Nxc6 Bxc6 18. Ng4 Re6 19. Bb3 1-0

[Event "5. Aberto Internacional Carlos I"]
[Site "Sanxenxo ESP"]
[Date "2013.06.22"]
[Round "1.2"]
[White "Martinez Rodriguez, Eugenio"]
[Black "Strikovic, Aleksa"]
[Result "0-1"]
[WhiteElo "1802"]
[BlackElo "2504"]
[PlyCount "60"]
[EventDate "2013.06.22"]
[EventType "swiss"]
[EventRounds "9"]
[EventCountry "ESP"]
[Source "lmi"]
[SourceDate "2013.06.22"]

1. Nf3 c5 2. e4 e6 3. d4 cxd4 4. Nxd4 a6 5. Nc3 b5 6. Bd3 Bb7 7. Be3 Qc7 8. O-O
Nf6 9. f3 Nc6 10. Kh1 Ne5 11. Rc1 Be7 12. a4 b4 13. Nce2 d5 14. Nf4 dxe4 15.
fxe4 O-O 16. Ndxe6 fxe6 17. Nxe6 Qc6 18. Nxf8 Rxf8 19. Qe2 Nxe4 20. Rxf8+ Bxf8
21. Bf4 Qf6 22. Rf1 Nxd3 23. Qxd3 Qe6 24. Qd8 Nf6 25. Qd2 h6 26. Be3 Bd6 27.
Rd1 Qg4 28. Rf1 Ne4 29. Qe1 Ng3+ 30. hxg3 Qh3+ 0-1

[Event "5. Aberto Internacional Carlos I"]
[Site "Sanxenxo ESP"]
[Date "2013.06.22"]
[Round "1.3"]
[White "Lariño Nieto, David"]
[Black "Garcia Bugallo, Jose Luis"]
[Result "1-0"]
[WhiteElo "2501"]
[BlackElo "1785"]
[PlyCount "67"]
[EventDate "2013.06.22"]
[EventType "swiss"]
[EventRounds "9"]
[EventCountry "ESP"]
[Source "lmi"]
[SourceDate "2013.06.22"]

1. d4 d5 2. Bg5 c6 3. c3 Nd7 4. Nd2 Ngf6 5. e3 e5 6. dxe5 Nxe5 7. Ngf3 Bg4 8.
h3 Bxf3 9. Nxf3 Nxf3+ 10. Qxf3 Be7 11. Bd3 Nd7 12. Bf4 Bf6 13. Qg3 Qe7 14. O-O
Be5 15. Rfe1 O-O 16. Bc2 Qd6 17. Qh4 g6 18. Bh6 Bg7 19. Bxg7 Kxg7 20. e4 dxe4
21. Rad1 Qf6 22. Qxe4 Nb6 23. Rd3 Rad8 24. Rf3 Qg5 25. Bb3 Nd5 26. h4 Qh5 27.
Qd4+ Kg8 28. Re5 Qh6 29. h5 Qc1+ 30. Kh2 Qxb2 31. hxg6 hxg6 32. Rh5 f6 33. Rg3
Kg7 34. Rxg6+ 1-0

[Event "5. Aberto Internacional Carlos I"]
[Site "Sanxenxo ESP"]
[Date "2013.06.22"]
[Round "1.4"]
[White "Pereiro Rodriguez, Diego"]
[Black "Paunovic, Dragan"]
[Result "0-1"]
[WhiteElo "1783"]
[BlackElo "2495"]
[PlyCount "64"]
[EventDate "2013.06.22"]
[EventType "swiss"]
[EventRounds "9"]
[EventCountry "ESP"]
[Source "lmi"]
[SourceDate "2013.06.22"]

1. e4 c5 2. Nf3 a6 3. d4 cxd4 4. Nxd4 Nf6 5. Nc3 e5 6. Nf3 Bb4 7. Bg5 h6 8.
Bxf6 Qxf6 9. Qd3 O-O 10. O-O-O Bxc3 11. Qxc3 Nc6 12. Kb1 d6 13. Be2 Be6 14.
Rhg1 Rac8 15. Qa3 Rfd8 16. g4 Qf4 17. g5 Qxe4 18. Bd3 Qf4 19. gxh6 e4 20. Rxg7+
Kf8 21. Bxe4 Qxe4 22. Ng5 Qf5 23. Rxd6 Rxd6 24. Qxd6+ Ne7 25. Nxe6+ Qxe6 26.
Qxe6 fxe6 27. Rg5 Kf7 28. b3 Nf5 29. a4 Nxh6 30. Rg3 Nf5 31. Rd3 Ke7 32. Kb2
Rh8 0-1

[Event "5. Aberto Internacional Carlos I"]
[Site "Sanxenxo ESP"]
[Date "2013.06.22"]
[Round "1.5"]
[White "Khamrakulov, Ibragim S"]
[Black "Argibay Fontan, Santiago"]
[Result "1-0"]
[WhiteElo "2484"]
[BlackElo "1780"]
[PlyCount "77"]
[EventDate "2013.06.22"]
[EventType "swiss"]
[EventRounds "9"]
[EventCountry "ESP"]
[Source "lmi"]
[SourceDate "2013.06.22"]

1. e4 e5 2. Nf3 d6 3. Bc4 Bg4 4. c3 Bxf3 5. gxf3 c6 6. Qb3 Qc7 7. d4 g6 8. Be3
Nf6 9. Nd2 Nh5 10. dxe5 dxe5 11. a4 b6 12. f4 Nxf4 13. Bxf4 exf4 14. Nf3 Bg7
15. O-O-O O-O 16. Ng5 f3 17. Nxf7 Rxf7 18. Bxf7+ Qxf7 19. Rd8+ Bf8 20. Kc2 Kg7
21. Qxf7+ Kxf7 22. Rhd1 Be7 23. Rh8 Kg7 24. Rc8 a5 25. Rd3 Kf7 26. Rxf3+ Ke6
27. e5 b5 28. axb5 cxb5 29. Rd3 a4 30. Kb1 a3 31. bxa3 Rxa3 32. Rxb8 b4 33.
Rb6+ Kf5 34. Rf3+ Ke4 35. Re3+ Kf4 36. cxb4 Rxe3 37. fxe3+ Kxe5 38. Rb7 Bg5 39.
Rxh7 1-0

[Event "5. Aberto Internacional Carlos I"]
[Site "Sanxenxo ESP"]
[Date "2013.06.22"]
[Round "1.6"]
[White "Blanco Dans, Manuel"]
[Black "Santos Latasa, Jaime"]
[Result "0-1"]
[WhiteElo "1756"]
[BlackElo "2418"]
[PlyCount "64"]
[EventDate "2013.06.22"]
[EventType "swiss"]
[EventRounds "9"]
[EventCountry "ESP"]
[Source "lmi"]
[SourceDate "2013.06.22"]

1. e4 c5 2. Nf3 d6 3. c3 Nf6 4. h3 Nbd7 5. Bd3 g6 6. O-O Bg7 7. Qe2 O-O 8. Bc2
e5 9. d4 b6 10. Be3 Re8 11. Nbd2 exd4 12. cxd4 cxd4 13. Nxd4 Nc5 14. Bg5 h6 15.
Bh4 Ba6 16. Nb5 d5 17. e5 Qd7 18. a4 d4 19. Qc4 Rxe5 20. Bxg6 Bb7 21. Qxf7+
Qxf7 22. Bxf7+ Kxf7 23. b4 Nce4 24. Nxe4 Bxe4 25. Nxd4 Rd8 26. Bg3 Re7 27. Nb5
Nh5 28. Bh4 Bf6 29. Bxf6 Kxf6 30. Rac1 Nf4 31. Rfe1 Rg8 32. g3 Nd3 0-1

[Event "5. Aberto Internacional Carlos I"]
[Site "Sanxenxo ESP"]
[Date "2013.06.22"]
[Round "1.7"]
[White "Guerra Bastida, Diego"]
[Black "Candano Gonzalez, Alvaro"]
[Result "1-0"]
[WhiteElo "2374"]
[BlackElo "1746"]
[PlyCount "73"]
[EventDate "2013.06.22"]
[EventType "swiss"]
[EventRounds "9"]
[EventCountry "ESP"]
[Source "lmi"]
[SourceDate "2013.06.22"]

1. e4 c5 2. Nf3 g6 3. c3 Bg7 4. d4 cxd4 5. cxd4 d5 6. e5 Bg4 7. Nbd2 Qa5 8. Be2
Bxf3 9. Bxf3 e6 10. O-O Ne7 11. Nc4 Qc7 12. Nd6+ Kf8 13. b3 Nbc6 14. Ba3 a6 15.
Bxd5 exd5 16. Qf3 Nd8 17. Nxf7 Kg8 18. Nxh8 Kxh8 19. Bxe7 Qxe7 20. Qxd5 Nc6 21.
Qe4 Rd8 22. Rad1 Nb4 23. f4 Nd5 24. Rc1 b6 25. Rc4 Bh6 26. g3 Qe6 27. Rfc1 Qg4
28. Kh1 Bf8 29. e6 Qf5 30. Qxf5 gxf5 31. Rc8 Rxc8 32. Rxc8 Kg7 33. Rd8 Nf6 34.
Rb8 Nd5 35. Rb7+ Kg6 36. Rd7 Nf6 37. e7 1-0

[Event "5. Aberto Internacional Carlos I"]
[Site "Sanxenxo ESP"]
[Date "2013.06.22"]
[Round "1.8"]
[White "Prol Lusquiños, Jose Manuel"]
[Black "Garcia Castro, Pablo"]
[Result "0-1"]
[WhiteElo "1745"]
[BlackElo "2354"]
[PlyCount "44"]
[EventDate "2013.06.22"]
[EventType "swiss"]
[EventRounds "9"]
[EventCountry "ESP"]
[Source "lmi"]
[SourceDate "2013.06.22"]

1. e4 e5 2. Nf3 d6 3. Nc3 Nf6 4. Bc4 Be7 5. O-O Bg4 6. d3 Nc6 7. h3 Bh5 8. Be3
Na5 9. Bb3 a6 10. Kh2 Nxb3 11. axb3 d5 12. exd5 Nxd5 13. Nxd5 Qxd5 14. g4 Bg6
15. Qe2 h5 16. g5 Bd6 17. Bf4 O-O-O 18. Bg3 h4 19. Nxh4 Qe6 20. Kg2 Rxh4 21.
Bxh4 Rh8 22. Ra4 e4 0-1

[Event "5. Aberto Internacional Carlos I"]
[Site "Sanxenxo ESP"]
[Date "2013.06.22"]
[Round "1.9"]
[White "Yakunin, Alexey"]
[Black "Nuñez Area, Luis"]
[Result "1-0"]
[WhiteElo "2353"]
[BlackElo "1739"]
[PlyCount "61"]
[EventDate "2013.06.22"]
[EventType "swiss"]
[EventRounds "9"]
[EventCountry "ESP"]
[Source "lmi"]
[SourceDate "2013.06.22"]

1. d4 d5 2. c4 c6 3. Nf3 g6 4. Nc3 Bg7 5. Bf4 Nf6 6. e3 O-O 7. h3 Nbd7 8. Rc1
Qa5 9. Qd2 Nb6 10. c5 Na4 11. Nd1 Qxd2+ 12. Nxd2 b6 13. b3 bxc5 14. dxc5 Nxc5
15. Rxc5 Bd7 16. Ba6 h6 17. O-O Nh5 18. Bh2 e5 19. g4 Nf6 20. Bxe5 Rfe8 21. Bb7
Rxe5 22. Bxa8 Re8 23. Bb7 Rb8 24. Ba6 g5 25. f3 h5 26. Nf2 Bf8 27. Rc2 Rb6 28.
Be2 a5 29. Nd3 c5 30. Nxc5 Rc6 31. Rfc1 1-0

[Event "5. Aberto Internacional Carlos I"]
[Site "Sanxenxo ESP"]
[Date "2013.06.22"]
[Round "1.10"]
[White "Alonso Gonzalez, Fernando"]
[Black "Sanchez Aller, Fernando"]
[Result "0-1"]
[WhiteElo "1732"]
[BlackElo "2335"]
[PlyCount "76"]
[EventDate "2013.06.22"]
[EventType "swiss"]
[EventRounds "9"]
[EventCountry "ESP"]
[Source "lmi"]
[SourceDate "2013.06.22"]

1. e4 d5 2. exd5 Nf6 3. Nc3 Nxd5 4. Bc4 c6 5. d4 Bf5 6. a3 e6 7. Nf3 Be7 8. O-O
Nd7 9. Nxd5 cxd5 10. Bd3 Bxd3 11. Qxd3 O-O 12. Bf4 Rc8 13. Rfe1 a6 14. Re3 Re8
15. h4 Bxh4 16. Nxh4 Qxh4 17. Bd6 Rc6 18. Bb4 Nf6 19. Be1 Qh5 20. Re5 Qg6 21.
Qxg6 hxg6 22. c3 Ne4 23. f3 f6 24. Rxe4 dxe4 25. fxe4 e5 26. d5 Rc4 27. Rd1
Rxe4 28. d6 Rd8 29. Bf2 Kf7 30. Bb6 Rd7 31. b3 Ke6 32. Bc5 b6 33. Bxb6 Rxd6 34.
Rxd6+ Kxd6 35. Kf2 f5 36. Kf3 Re1 37. a4 Rb1 38. b4 Rb3 0-1

[Event "5. Aberto Internacional Carlos I"]
[Site "Sanxenxo ESP"]
[Date "2013.06.23"]
[Round "2.1"]
[White "Peleman, Tony"]
[Black "Aagaard, Jacob"]
[Result "0-1"]
[WhiteElo "2022"]
[BlackElo "2519"]
[PlyCount "32"]
[EventDate "2013.06.22"]
[EventType "swiss"]
[EventRounds "9"]
[EventCountry "ESP"]
[Source "lmi"]
[SourceDate "2013.06.22"]

1. e4 c5 2. Nf3 Nc6 3. Nc3 e6 4. Bb5 Nd4 5. Nxd4 cxd4 6. Ne2 Nf6 7. Ng3 a6 8.
Ba4 h5 9. O-O h4 10. Ne2 h3 11. g3 Nxe4 12. Nxd4 Qf6 13. Nf3 b5 14. Bb3 Bb7 15.
Ne1 Nxg3 16. hxg3 h2# 0-1

[Event "5. Aberto Internacional Carlos I"]
[Site "Sanxenxo ESP"]
[Date "2013.06.23"]
[Round "2.2"]
[White "Strikovic, Aleksa"]
[Black "Ruiz Martinez, Isidro"]
[Result "1-0"]
[WhiteElo "2504"]
[BlackElo "1995"]
[PlyCount "51"]
[EventDate "2013.06.22"]
[EventType "swiss"]
[EventRounds "9"]
[EventCountry "ESP"]
[Source "lmi"]
[SourceDate "2013.06.22"]

1. c4 Nf6 2. Nc3 e5 3. Nf3 Nc6 4. e3 Be7 5. a3 O-O 6. b4 d5 7. cxd5 Nxd5 8. Qc2
Nxc3 9. dxc3 Bf6 10. e4 Be6 11. Be2 h6 12. O-O Qc8 13. Nd2 Ne7 14. Nc4 Rd8 15.
f4 exf4 16. Bxf4 Bg5 17. Bxg5 hxg5 18. Qc1 Bg4 19. Bxg4 Qxg4 20. Ne5 Qxe4 21.
Nxf7 Rf8 22. Re1 Qg6 23. Nxg5 Nf5 24. Qf4 Nd6 25. Qd2 Rad8 26. Qa2+ 1-0

[Event "5. Aberto Internacional Carlos I"]
[Site "Sanxenxo ESP"]
[Date "2013.06.23"]
[Round "2.3"]
[White "De Sousa Da Silva, Armando"]
[Black "Lariño Nieto, David"]
[Result "0-1"]
[WhiteElo "2006"]
[BlackElo "2501"]
[PlyCount "120"]
[EventDate "2013.06.22"]
[EventType "swiss"]
[EventRounds "9"]
[EventCountry "ESP"]
[Source "lmi"]
[SourceDate "2013.06.22"]

1. c4 Nf6 2. g3 e5 3. Bg2 Bc5 4. Nc3 a6 5. e3 Qe7 6. Qc2 Nc6 7. a3 d6 8. Nge2
h5 9. Nd5 Nxd5 10. cxd5 Nb8 11. b4 Bb6 12. h3 a5 13. Bb2 h4 14. g4 O-O 15. Be4
Na6 16. Qb1 g6 17. Bc3 a4 18. Qc2 Bd7 19. f4 Rac8 20. fxe5 dxe5 21. Qb2 Rfe8
22. Rf1 c6 23. Qa2 cxd5 24. Bxd5 Be6 25. Bxe6 Qxe6 26. Qxe6 Rxe6 27. Rc1 f6 28.
Bb2 Ra8 29. Rc4 Bd8 30. Nc3 Nc7 31. Ne4 Nb5 32. Ke2 Be7 33. Rfc1 Kf7 34. Rc8
Rea6 35. Rxa8 Rxa8 36. Nc3 Nd6 37. Nd5 Bd8 38. d3 Ke6 39. Nc7+ Bxc7 40. Rxc7 e4
41. dxe4 b5 42. Rc5 Rc8 43. Rxc8 Nxc8 44. Kd3 Nb6 45. Kd4 Nc4 46. Bc1 Kd6 47.
Kc3 Ne5 48. Bd2 g5 49. Be1 Nc4 50. Kd3 Nxa3 51. Bc3 Ke6 52. Kd4 Nc4 53. Kc5
Nxe3 54. Kxb5 Nxg4 55. Kxa4 Nf2 56. b5 Nxe4 57. Be1 g4 58. b6 gxh3 59. Bb4 Kd7
60. Kb5 h2 0-1

[Event "5. Aberto Internacional Carlos I"]
[Site "Sanxenxo ESP"]
[Date "2013.06.23"]
[Round "2.4"]
[White "Paunovic, Dragan"]
[Black "Lopez Perez, Alberto Jose"]
[Result "1-0"]
[WhiteElo "2495"]
[BlackElo "1950"]
[PlyCount "76"]
[EventDate "2013.06.22"]
[EventType "swiss"]
[EventRounds "9"]
[EventCountry "ESP"]
[Source "lmi"]
[SourceDate "2013.06.22"]

1. c4 Nc6 2. Nc3 Nf6 3. d4 d5 4. Nf3 Bg4 5. cxd5 Nxd5 6. e4 Nxc3 7. bxc3 e5 8.
d5 Nb8 9. Qa4+ Nd7 10. Be2 a6 11. Nxe5 Bxe2 12. Qxd7+ Qxd7 13. Nxd7 Bb5 14.
Nxf8 Rxf8 15. Ba3 Rg8 16. O-O-O O-O-O 17. Rd4 Rge8 18. c4 Ba4 19. Re1 f6 20. f4
c6 21. Kb2 b6 22. Kc3 c5 23. Rd2 Kc7 24. Rde2 Rf8 25. Bc1 b5 26. Be3 b4+ 27.
Kb2 Kb6 28. e5 a5 29. e6 Rfe8 30. f5 Ra8 31. Bf4 Rad8 32. d6 Bc6 33. d7 Bxd7
34. exd7 Rxe2+ 35. Rxe2 Rxd7 36. Re6+ Kb7 37. Bd6 Kc6 38. Bf8+ Kc7 1-0

[Event "5. Aberto Internacional Carlos I"]
[Site "Sanxenxo ESP"]
[Date "2013.06.23"]
[Round "2.5"]
[White "Vallbona Domingo, Joan"]
[Black "Khamrakulov, Ibragim S"]
[Result "0-1"]
[WhiteElo "1975"]
[BlackElo "2484"]
[PlyCount "55"]
[EventDate "2013.06.22"]
[EventType "swiss"]
[EventRounds "9"]
[EventCountry "ESP"]
[Source "lmi"]
[SourceDate "2013.06.22"]

1. d4 Nf6 2. c4 e6 3. Nf3 b6 4. g3 Bb4+ 5. Nbd2 c5 6. Bg2 Bb7 7. dxc5 Bxc5 8.
O-O O-O 9. a3 a5 10. b3 d5 11. e3 Nbd7 12. Bb2 Qe7 13. Nd4 Ne5 14. Qe2 dxc4 15.
Nf5 exf5 16. Bxb7 Qxb7 17. Bxe5 Nd7 18. Bc3 cxb3 19. Nxb3 Be7 20. Qb5 a4 21.
Rfd1 Nf6 22. Na5 Qf3 23. Nc6 Bc5 24. Ne5 Qh5 25. Bb4 Rac8 26. Bxc5 bxc5 27. Kg2
Ne4 28. Qc4 0-1

[Event "5. Aberto Internacional Carlos I"]
[Site "Sanxenxo ESP"]
[Date "2013.06.23"]
[Round "2.7"]
[White "Rey Malde, Henrique"]
[Black "Guerra Bastida, Diego"]
[Result "0-1"]
[WhiteElo "1960"]
[BlackElo "2374"]
[PlyCount "72"]
[EventDate "2013.06.22"]
[EventType "swiss"]
[EventRounds "9"]
[EventCountry "ESP"]
[Source "lmi"]
[SourceDate "2013.06.22"]

1. d4 d6 2. c4 Nf6 3. Nc3 g6 4. e4 Bg7 5. h3 O-O 6. Bg5 c5 7. d5 e6 8. Nf3 exd5
9. cxd5 Re8 10. Bd3 h6 11. Be3 Bd7 12. O-O b5 13. Nxb5 Bxb5 14. Bxb5 Rxe4 15.
Qc2 Nbd7 16. Rad1 Rb8 17. Bxd7 Qxd7 18. b3 Ree8 19. Qd3 Ne4 20. Rc1 f5 21. Rc4
Qf7 22. Rd1 Re7 23. Nd2 Nf6 24. Nf3 Rbe8 25. b4 cxb4 26. Rxb4 Ne4 27. Rc1 f4
28. Bd2 g5 29. Rbc4 Nc5 30. Rxc5 dxc5 31. Rxc5 Rd7 32. Ba5 Bf8 33. Rb5 a6 34.
Rb6 Rxd5 35. Qxa6 Bg7 36. Rb7 Rxa5 0-1

[Event "5. Aberto Internacional Carlos I"]
[Site "Sanxenxo ESP"]
[Date "2013.06.23"]
[Round "2.8"]
[White "Garcia Castro, Pablo"]
[Black "Rodriguez Martinez, Fernando"]
[Result "1-0"]
[WhiteElo "2354"]
[BlackElo "1912"]
[PlyCount "99"]
[EventDate "2013.06.22"]
[EventType "swiss"]
[EventRounds "9"]
[EventCountry "ESP"]
[Source "lmi"]
[SourceDate "2013.06.22"]

1. g3 Nf6 2. Bg2 g6 3. e4 d6 4. d4 c6 5. Ne2 Bg7 6. h3 Nbd7 7. Nbc3 O-O 8. Be3
Re8 9. g4 e5 10. g5 Nh5 11. d5 Nb6 12. Qd3 cxd5 13. Bxb6 axb6 14. Nxd5 Be6 15.
h4 Ra5 16. Bf3 Bxd5 17. Bxh5 Bc6 18. Bf3 d5 19. Rd1 d4 20. a3 Ra8 21. c3 Ba4
22. Rd2 dxc3 23. Nxc3 Bc6 24. Qxd8 Raxd8 25. Rxd8 Rxd8 26. Bd1 Rd4 27. f3 b5
28. Ne2 Rd3 29. Nc1 Rd7 30. Rh2 Bf8 31. b4 Be7 32. Bb3 Kf8 33. Ke2 f6 34. Nd3
b6 35. Rh1 Ra7 36. Rc1 Be8 37. Rc8 Rd7 38. Rb8 fxg5 39. hxg5 Bxg5 40. Nxe5 Re7
41. Nc6 Rc7 42. Bd5 Bf4 43. Ra8 h5 44. e5 h4 45. e6 Bd6 46. Kf2 h3 47. Be4 Rg7
48. f4 g5 49. f5 Be7 50. Ne5 1-0

[Event "5. Aberto Internacional Carlos I"]
[Site "Sanxenxo ESP"]
[Date "2013.06.23"]
[Round "2.9"]
[White "Gomez Dieguez, Adrian"]
[Black "Yakunin, Alexey"]
[Result "0-1"]
[WhiteElo "1945"]
[BlackElo "2353"]
[PlyCount "76"]
[EventDate "2013.06.22"]
[EventType "swiss"]
[EventRounds "9"]
[EventCountry "ESP"]
[Source "lmi"]
[SourceDate "2013.06.22"]

1. b3 e5 2. Bb2 Nc6 3. e3 Nf6 4. Bb5 d6 5. Ne2 Be7 6. d4 Bd7 7. dxe5 Nxe5 8.
Nbc3 c6 9. Bd3 d5 10. O-O Nxd3 11. cxd3 O-O 12. Qc2 Re8 13. e4 dxe4 14. dxe4
Qc7 15. h3 Rad8 16. Rad1 Bc8 17. Kh1 Rxd1 18. Rxd1 Rd8 19. f4 Rxd1+ 20. Nxd1
Qa5 21. Bc3 Qh5 22. Bd4 Qa5 23. Nec3 a6 24. Nb2 Qd8 25. Ne2 h6 26. Nc4 c5 27.
Be3 Bf8 28. Kh2 b5 29. Ne5 Qc7 30. Ng3 Bb7 31. Nf3 c4 32. Nd4 c3 33. Ndf5 b4
34. Bc1 Qc6 35. e5 Ne4 36. Ne2 Nd2 37. Ne3 Nf1+ 38. Nxf1 Qxg2# 0-1

[Event "5. Aberto Internacional Carlos I"]
[Site "Sanxenxo ESP"]
[Date "2013.06.23"]
[Round "2.10"]
[White "Sanchez Aller, Fernando"]
[Black "Dahlgren, James Allen"]
[Result "1-0"]
[WhiteElo "2335"]
[BlackElo "1894"]
[PlyCount "67"]
[EventDate "2013.06.22"]
[EventType "swiss"]
[EventRounds "9"]
[EventCountry "ESP"]
[Source "lmi"]
[SourceDate "2013.06.22"]

1. e4 c6 2. d4 d5 3. e5 Bf5 4. h4 h5 5. c4 dxc4 6. Bxc4 e6 7. Nc3 Nd7 8. Nge2
Ne7 9. Ng3 Bg6 10. Bg5 Qb6 11. O-O Nf5 12. Nxf5 Bxf5 13. Qd2 f6 14. exf6 gxf6
15. Bf4 Qb4 16. Qe2 Kf7 17. Rfe1 Qe7 18. Ne4 Bxe4 19. Qxe4 Re8 20. Qxe6+ Qxe6
21. Rxe6 Rxe6 22. Re1 Nb6 23. Bxe6+ Kg7 24. Re3 Bb4 25. a3 Be7 26. Rg3+ Kf8 27.
Bh6+ Ke8 28. Bg7 Bd6 29. Rg6 Rh7 30. Bg8 Nd5 31. Bxh7 Bf4 32. Bh6 Bxh6 33. Rxh6
Kf7 34. Be4 1-0

[Event "5. Aberto Internacional Carlos I"]
[Site "Sanxenxo ESP"]
[Date "2013.06.24"]
[Round "3.1"]
[White "Aagaard, Jacob"]
[Black "Iturbide Arnedo, Oscar"]
[Result "1-0"]
[WhiteElo "2519"]
[BlackElo "2163"]
[PlyCount "61"]
[EventDate "2013.06.22"]
[EventType "swiss"]
[EventRounds "9"]
[EventCountry "ESP"]
[Source "lmi"]
[SourceDate "2013.06.22"]

1. Nf3 g6 2. e4 Bg7 3. d4 d6 4. Bc4 e6 5. Bb3 Ne7 6. O-O Nd7 7. a4 d5 8. exd5
exd5 9. Bg5 Nf6 10. Ne5 Be6 11. a5 O-O 12. a6 b6 13. Nc3 h6 14. Bxf6 Bxf6 15.
Qf3 Bg7 16. Rfe1 c6 17. Ne2 f6 18. Nd3 Qd7 19. Ndf4 Bf7 20. c3 g5 21. Nh5 Bg6
22. Neg3 Rae8 23. Nxg7 Kxg7 24. Nh5+ Bxh5 25. Qxh5 Nc8 26. c4 dxc4 27. Bxc4
Rxe1+ 28. Rxe1 Qxd4 29. b3 Qc5 30. h4 Ne7 31. Re3 1-0

[Event "5. Aberto Internacional Carlos I"]
[Site "Sanxenxo ESP"]
[Date "2013.06.24"]
[Round "3.2"]
[White "Suarez Gomez, Julio"]
[Black "Strikovic, Aleksa"]
[Result "0-1"]
[WhiteElo "2133"]
[BlackElo "2504"]
[PlyCount "38"]
[EventDate "2013.06.22"]
[EventType "swiss"]
[EventRounds "9"]
[EventCountry "ESP"]
[Source "lmi"]
[SourceDate "2013.06.22"]

1. e4 c5 2. d3 Nc6 3. g3 d5 4. Nd2 Nf6 5. Bg2 g6 6. Ngf3 Bg7 7. O-O O-O 8. c3
e5 9. exd5 Nxd5 10. Qb3 Nde7 11. Qb5 b6 12. Re1 Bd7 13. Qa6 Bf5 14. Ne4 h6 15.
Bd2 Bc8 16. Qb5 a6 17. Qb3 Be6 18. Qc2 f5 19. Bh3 Qd7 0-1

[Event "5. Aberto Internacional Carlos I"]
[Site "Sanxenxo ESP"]
[Date "2013.06.24"]
[Round "3.3"]
[White "Lariño Nieto, David"]
[Black "Cubero Ferreiro, Rodrigo"]
[Result "1-0"]
[WhiteElo "2501"]
[BlackElo "2112"]
[PlyCount "125"]
[EventDate "2013.06.22"]
[EventType "swiss"]
[EventRounds "9"]
[EventCountry "ESP"]
[Source "lmi"]
[SourceDate "2013.06.22"]

1. e4 e6 2. Qe2 c5 3. f4 Nc6 4. Nf3 Nge7 5. c3 d5 6. d3 d4 7. g4 Ng6 8. Na3 Bd6
9. e5 Bc7 10. Ng5 h6 11. Ne4 Qh4+ 12. Qf2 Qxg4 13. h4 Bd8 14. Be2 Qxh4 15. Rxh4
Bxh4 16. Ng3 Nce7 17. Bg4 O-O 18. Bd2 f6 19. Qh2 fxe5 20. fxe5 h5 21. cxd4 hxg4
22. O-O-O Rf3 23. Ne4 Rxd3 24. Bg5 Rxd1+ 25. Kxd1 Nf5 26. Nc4 cxd4 27. Bxh4
Ngxh4 28. Ncd6 Bd7 29. Nxf5 Nxf5 30. Ng5 Nh6 31. Qc2 Re8 32. Qh7+ Kf8 33. Qh8+
Ng8 34. Qh5 Nh6 35. Nh7+ Ke7 36. Qg5+ Kf7 37. Nf6 gxf6 38. Qxf6+ Kg8 39. Qg6+
Kf8 40. Qxh6+ Kg8 41. Qg5+ Kf7 42. Qf4+ Kg7 43. Qxg4+ Kf7 44. Qf3+ Kg8 45. Qxb7
Re7 46. Qxa7 Rg7 47. Qxd4 Bc6 48. Ke1 Bd5 49. a4 Rh7 50. a5 Rh1+ 51. Kd2 Kf7
52. a6 Ra1 53. Qb6 Ke8 54. Qc7 Ra2 55. Kc2 Be4+ 56. Kc3 Bd5 57. b4 Ra1 58. Qb8+
Kd7 59. b5 Ra4 60. b6 Rc4+ 61. Kd3 Ra4 62. Qd6+ Ke8 63. b7 1-0

[Event "5. Aberto Internacional Carlos I"]
[Site "Sanxenxo ESP"]
[Date "2013.06.24"]
[Round "3.4"]
[White "Medarde Santiago, Luis Marcos"]
[Black "Paunovic, Dragan"]
[Result "0-1"]
[WhiteElo "2104"]
[BlackElo "2495"]
[PlyCount "64"]
[EventDate "2013.06.22"]
[EventType "swiss"]
[EventRounds "9"]
[EventCountry "ESP"]
[Source "lmi"]
[SourceDate "2013.06.22"]

1. e4 c5 2. Nf3 e6 3. d4 cxd4 4. Nxd4 a6 5. Nc3 Qc7 6. Bd3 Nf6 7. f4 Bb4 8. O-O
Bc5 9. Nce2 b5 10. c3 Bb7 11. e5 Nd5 12. Kh1 Nc6 13. Be4 Nce7 14. Ng3 g6 15. a4
h5 16. Qf3 Bxd4 17. cxd4 Nf5 18. Ne2 Qb6 19. Qf2 O-O 20. Bd2 bxa4 21. Rxa4 Qxb2
22. Ba5 Qb3 23. Raa1 Qe3 24. Qxe3 Nfxe3 25. Rfc1 Bc6 26. Bd2 Nf5 27. h3 Rfb8
28. g4 Rb2 29. gxf5 Rxd2 30. Bf3 gxf5 31. Kg1 Nxf4 32. Bxc6 Nxe2+ 0-1

[Event "5. Aberto Internacional Carlos I"]
[Site "Sanxenxo ESP"]
[Date "2013.06.24"]
[Round "3.5"]
[White "Khamrakulov, Ibragim S"]
[Black "Gomez Dieguez, David"]
[Result "0-1"]
[WhiteElo "2484"]
[BlackElo "2101"]
[PlyCount "76"]
[EventDate "2013.06.22"]
[EventType "swiss"]
[EventRounds "9"]
[EventCountry "ESP"]
[Source "lmi"]
[SourceDate "2013.06.22"]

1. e4 e5 2. Nf3 Nc6 3. Bc4 Bc5 4. O-O Nf6 5. d3 d6 6. c3 a6 7. Bb3 Ba7 8. Be3
O-O 9. Nbd2 h6 10. h3 Nh5 11. d4 Qf6 12. Nxe5 dxe5 13. dxe5 Qg6 14. Bxa7 Nxe5
15. f4 Bxh3 16. Qe2 Ng3 17. Qf2 Nd3 18. f5 Qg4 19. Qf3 Nxf1 20. Rxf1 Qxg2+ 21.
Qxg2 Bxg2 22. Kxg2 Rxa7 23. Nf3 c5 24. Kg3 b5 25. Bd5 Nxb2 26. Ne5 Na4 27. c4
Nc3 28. f6 Nxd5 29. cxd5 Re8 30. Nc6 Rc7 31. Kf4 Rxc6 32. dxc6 Re6 33. c7 Rxf6+
34. Ke5 Rc6 35. c8=Q+ Rxc8 36. Kd6 c4 37. a3 c3 38. e5 c2 0-1